Catálogo - Centro de Recursos para el Aprendizaje y la Investigación

Volver al Sitio - CRAI Biblioteca

Constitución, democracia y ciudadanía / (Registro nro. 113659)

Detalles MARC
000 -CABECERA
campo de control de longitud fija 02071nam a2200361 4500
001 - NÚMERO DE CONTROL
campo de control 113659
003 - IDENTIFICADOR DEL NÚMERO DE CONTROL
campo de control DR-UNIBE
005 - FECHA Y HORA DE LA ÚLTIMA TRANSACCIÓN
campo de control 20251113113627.0
008 - DATOS DE LONGITUD FIJA--INFORMACIÓN GENERAL
campo de control de longitud fija 250521b2007 dr ||||| |||| 00| 0 spa d
020 ## - NÚMERO INTERNACIONAL ESTÁNDAR DEL LIBRO
Número Internacional Estándar del Libro 9789945161274
040 ## - FUENTE DE LA CATALOGACIÓN
Centro catalogador/agencia de origen BIBLIOTECA UNIBE
Lengua de catalogación spa
Centro/agencia transcriptor BIBLIOTECA UNIBE
041 ## - CÓDIGO DE LENGUA
Código de lengua del texto/banda sonora o título independiente spa
082 ## - NÚMERO DE LA CLASIFICACIÓN DECIMAL DEWEY
Número de edición 22
Número de clasificación RD 342.7293023 V164c
100 1# - ENTRADA PRINCIPAL--NOMBRE DE PERSONA
Nombre de persona Valerio Jiminián, Manuel Alejandro
Término indicativo de función/relación autor
9 (RLIN) 195804
245 10 - MENCIÓN DE TÍTULO
Título Constitución, democracia y ciudadanía /
Mención de responsabilidad, etc. Manuel Alejandro Valerio Jiminián
260 ## - PUBLICACIÓN, DISTRIBUCIÓN, ETC.
Lugar de publicación, distribución, etc. Santo Domingo :
Nombre del editor, distribuidor, etc. Consorcio de Educación Cívica de la República Dominicana :
-- Pontificia Universidad Católica Madre y Maestra (PUCMM),
Fecha de publicación, distribución, etc. 2007
300 ## - DESCRIPCIÓN FÍSICA
Extensión 288 páginas ;
Dimensiones 25 cm
504 ## - NOTA DE BIBLIOGRAFÍA, ETC.
Nota de bibliografía, etc. Incluye bibliografía al final de cada capítulo e índice
505 0# - NOTA DE CONTENIDO CON FORMATO
Nota de contenido con formato Prólogo |<br/>Introducción |<br/>Unidad I. Concepto de Constitución. Origen |<br/>Unidad II. La Constitución: instrumento de organización del Estado |<br/>Unidad III. El poder y el Estado |<br/>Unidad IV. La reforma de la Constitución |<br/>Unidad V. Derechos y deberes fundamentales de las personas |<br/>Unidad VI. Nación, Estado y Constitución |<br/>Unidad VII. El gobierno |<br/>Unidad VIII. El sistema político y el Estado |<br/>Unidad IX. Partidos políticos, Estado y Constitución |<br/>Unidad X. Las organizaciones y los movimientos sociales |<br/>Unidad XI. La ciudadanía y los valores democráticos<br/>
610 17 - PUNTO DE ACCESO ADICIONAL DE MATERIA--NOMBRE DE ENTIDAD CORPORATIVA
Fuente del encabezamiento o término lemb
Nombre de entidad corporativa o nombre de jurisdicción como elemento de entrada República Dominicana
Subdivisión general Constitución
9 (RLIN) 195809
650 #7 - PUNTO DE ACCESO ADICIONAL DE MATERIA--TÉRMINO DE MATERIA
Fuente del encabezamiento o término lemb
Término de materia o nombre geográfico como elemento de entrada Democracia
650 #7 - PUNTO DE ACCESO ADICIONAL DE MATERIA--TÉRMINO DE MATERIA
Fuente del encabezamiento o término lemb
Término de materia o nombre geográfico como elemento de entrada Ciudadanía
651 #7 - PUNTO DE ACCESO ADICIONAL DE MATERIA--NOMBRE GEOGRÁFICO
Fuente del encabezamiento o término lemb
Nombre geográfico República Dominicana
Subdivisión general Derecho constitucional
9 (RLIN) 5535
700 1# - PUNTO DE ACCESO ADICIONAL--NOMBRE DE PERSONA
Nombre de persona Sang Ben, Mu-Kien Adriana,
Fechas asociadas al nombre 1955-
Término indicativo de función/relación prologuista
-- revisor
9 (RLIN) 13568
700 1# - PUNTO DE ACCESO ADICIONAL--NOMBRE DE PERSONA
Nombre de persona Valdez, Rayza
Término indicativo de función/relación revisor
9 (RLIN) 195805
700 1# - PUNTO DE ACCESO ADICIONAL--NOMBRE DE PERSONA
Nombre de persona García, Nerys
Término indicativo de función/relación revisor
9 (RLIN) 195806
700 1# - PUNTO DE ACCESO ADICIONAL--NOMBRE DE PERSONA
Nombre de persona Doñé Corporán, Susana
Término indicativo de función/relación revisor
9 (RLIN) 113760
700 1# - PUNTO DE ACCESO ADICIONAL--NOMBRE DE PERSONA
Nombre de persona Pichardo de Villamil, Frida
Término indicativo de función/relación revisor
9 (RLIN) 195807
700 1# - PUNTO DE ACCESO ADICIONAL--NOMBRE DE PERSONA
Nombre de persona Jorge Prats, Eduardo,
Fechas asociadas al nombre 1964-
Término indicativo de función/relación revisor
9 (RLIN) 8540
700 1# - PUNTO DE ACCESO ADICIONAL--NOMBRE DE PERSONA
Nombre de persona Bejarán, Carmen
Término indicativo de función/relación corrector de estilo
9 (RLIN) 195808
700 1# - PUNTO DE ACCESO ADICIONAL--NOMBRE DE PERSONA
Nombre de persona Simó, Eric
Término indicativo de función/relación diagramador y arte final
9 (RLIN) 31870
942 ## - ELEMENTOS DE PUNTO DE ACCESO ADICIONAL (KOHA)
Fuente del sistema de clasificación o colocación Sistema de Clasificación Decimal Dewey
Tipo de ítem Koha Libro (general)
Existencias
Estado de retiro Estado de pérdida Fuente del sistema de clasificación o colocación No para préstamo Código de colección Localización permanente Fecha de adquisición Total de préstamos Signatura topográfica completa Código de barras Fecha visto por última vez Número de copia Precio válido a partir de Tipo de ítem Koha
  Disponible Sistema de Clasificación Decimal Dewey   General - Libros dominicanos Biblioteca Central UNIBE 22/03/2025   RD 342.7293023 V164c 250500 22/05/2025 Ej. 1 22/05/2025 Libro (general)
  Disponible Sistema de Clasificación Decimal Dewey   General - Libros dominicanos Biblioteca Central UNIBE 13/11/2025   RD 342.7293023 V164c 251120 13/11/2025 Ej. 2 13/11/2025 Libro (general)